| 000 | 00963nam a2200241Ii 4500 | ||
|---|---|---|---|
| 003 | JO-AjNU | ||
| 008 | 230605s9999||||xx |||||||||||||| ||und|| | ||
| 017 | _a2000/9909 | ||
| 020 | _a1-080-337-977 | ||
| 040 |
_aJO-AjNU _bara _erda _cJO-AjNU |
||
| 041 | _aara | ||
| 050 | 1 | 4 | _aHD58.6.2008 |
| 100 | 3 |
_aبميك، خبراء مركز الخبرات المهنية للادارة؛ المستشار العلمي عبدالرحمن توفيق, _eauthor _944139 |
|
| 245 | 0 | 0 | _aمنهج المهارات المتخصصة :مهارات التفاوض واتمام العقود=Negotiation Skills &Contracting |
| 250 | _aط6 | ||
| 264 | 3 | 1 | _aالقاهرة:مركز الخبرات المهنية للادارة بميك،2008 |
| 300 | _a106ص | ||
| 336 |
_atext _btxt _2rdacontent |
||
| 337 |
_aunmediated _bn _2rdamedia |
||
| 338 |
_avolume _bnc _2rdacarrier |
||
| 490 | 0 | _aالمناهج التدريبية212 | |
| 650 | 4 |
_aمهارات التفاوض _944140 |
|
| 999 |
_aA19033 _c22601 _d22601 |
||